000 01287nam a2200241 i 4500
001 165493
003 ES-MaACL
005 20250717094527.0
008 931025s1874 sp |||| | spa d
245 0 0 _aDiscursos leídos en la primera sesión inaugural de la Sociedad Ginecológica Española, verificada el domingo 14 de junio de 1874 /
_cpor el doctor Don Ángel Pulido Fernández, secretario general, y el doctor Don Francisco Alonso Rubio, presidente de la misma.
260 _aMadrid :
_bSociedad Ginecológica Española,
_c1874 (
_fImp., Estereotipia y Galvanoplastia de Aribau y Compañía)
300 _a33 p. ;
_c25 cm.
530 _aDisponible en formato digital.
610 2 4 _aSociedad Ginecológica Española.
_96779
650 7 _aObstetricia
_2embne
_915676
650 4 _aGinecología.
_913119
700 1 _aPulido, Ángel,
_d1852-1932
_9149324
700 1 _aAlonso y Rubio, Francisco.
_920432
710 2 _aSociedad Ginecológica Española.
_96779
852 4 _aES-MaACL
_jT-682-F-9
_z- Enc. hol., conservando la enc. original
_z- Enc. en un vol. facticio
_z- Donación a la Biblioteca de los Escolares Médicos por el socio A. del Río
856 4 _uhttp://bdh-rd.bne.es/viewer.vm?id=0000109247&page=1
_zBiblioteca Digital Hispánica
999 _c165493
_d165493